Lenguajes de programación mas utilizados - Estadísticas

Estadísticas generales
  • Esta prueba ha sido intentada 24 veces
  • La puntuación promedio es 6 de 10
Estadísticas de respuestas
Porcentaje Lenguaje % Correcto
10.99% C
95%
8.67% C++
95%
7.39% C#
95%
8.71% Java
90%
22.61% Python
85%
3.03% JavaScript
60%
1.82% R
45%
1.98% Dolphi/Object Pascal
25%
2.27% SQL
25%
2.41% Visual Basic
5%
No se encontraron pruebas coincidentes
Distribución de puntuación
Porcentaje de gente con cada puntuación
Porcentaje por número respondido
Historial de tus puntuaciones
No has intentado esta prueba.